The 50 states of the USA - Statistics

General Stats
  • This quiz has been taken 328 times
  • The average score is 37 of 50
Answers on the Map
Answers color-coded by a green-red scale on the quiz's map according to % correct below.
 
Answer Stats
State % Correct
California
97%
Alaska
93%
Florida
93%
Texas
91%
New York
87%
Alabama
86%
Arizona
84%
Hawaii
84%
Washington
82%
Arkansas
80%
Colorado
80%
Nevada
80%
New Mexico
80%
Idaho
79%
Maine
79%
Mississippi
79%
Georgia
77%
North Carolina
77%
North Dakota
77%
Ohio
77%
South Dakota
75%
Illinois
74%
Kentucky
74%
South Carolina
74%
Kansas
72%
Montana
72%
New Jersey
72%
Delaware
71%
Michigan
71%
Connecticut
70%
Oregon
70%
Louisiana
69%
Oklahoma
69%
Wyoming
69%
Maryland
68%
Nebraska
68%
Tennesse
68%
Vermont
68%
Virginia
68%
Indiana
67%
Massachusetts
67%
Rhode Island
67%
Utah
67%
Minnesota
66%
New Hampshire
66%
Pennsylvania
66%
West Virginia
64%
Iowa
63%
Missouri
63%
Wisconsin
54%
No matching quizzes found
Score Distribution
Percent of People with Each Score
Percentile by Number Answered
Your Score History
You have not taken this quiz